<?xml version="1.0" encoding="UTF-8"?>
<record
    xmlns:xsi="http://www.w3.org/2001/XMLSchema-instance"
    xsi:schemaLocation="http://www.loc.gov/MARC21/slim http://www.loc.gov/standards/marcxml/schema/MARC21slim.xsd"
    xmlns="http://www.loc.gov/MARC21/slim">

  <leader>02667nam a2200289 a 4500</leader>
  <controlfield tag="001">991028664889706706</controlfield>
  <controlfield tag="005">20250321175920.0</controlfield>
  <controlfield tag="008">080117s1994    spc||||||     000 f|spa  </controlfield>
  <datafield tag="015" ind1=" " ind2=" ">
    <subfield code="a">LL2008</subfield>
    <subfield code="2">bnc</subfield>
  </datafield>
  <datafield tag="020" ind1=" " ind2=" ">
    <subfield code="a">8447306860</subfield>
  </datafield>
  <datafield tag="035" ind1=" " ind2=" ">
    <subfield code="a">(ES-BaCBU).b32282047</subfield>
  </datafield>
  <datafield tag="040" ind1=" " ind2=" ">
    <subfield code="a">ES-BaBC</subfield>
    <subfield code="b">cat</subfield>
    <subfield code="c">ES-BaBC</subfield>
  </datafield>
  <datafield tag="041" ind1=" " ind2=" ">
    <subfield code="a">spa</subfield>
  </datafield>
  <datafield tag="050" ind1=" " ind2=" ">
    <subfield code="a">PQ6666.E765 </subfield>
    <subfield code="b">C58 1993</subfield>
  </datafield>
  <datafield tag="080" ind1=" " ind2=" ">
    <subfield code="a">860-3"19"</subfield>
  </datafield>
  <datafield tag="100" ind1=" " ind2=" ">
    <subfield code="a">P&#xE9;rez-Reverte, Arturo</subfield>
    <subfield code="d">1951-</subfield>
    <subfield code="9">12219</subfield>
    <subfield code="e">author</subfield>
  </datafield>
  <datafield tag="245" ind1="1" ind2="3">
    <subfield code="a">El club Dumas</subfield>
    <subfield code="c">/ Arturo P&#xE9;rez-Reverte.</subfield>
  </datafield>
  <datafield tag="260" ind1=" " ind2=" ">
    <subfield code="a">Barcelona :</subfield>
    <subfield code="b">RBA,</subfield>
    <subfield code="c">1994.</subfield>
  </datafield>
  <datafield tag="300" ind1=" " ind2=" ">
    <subfield code="a">317 pages ;</subfield>
    <subfield code="c">20 cm</subfield>
  </datafield>
  <datafield tag="490" ind1=" " ind2=" ">
    <subfield code="a">Obras maestras de la literatura contempor&#xE1;nea ;</subfield>
    <subfield code="v">11.</subfield>
  </datafield>
  <datafield tag="520" ind1=" " ind2=" ">
    <subfield code="a">Lucas Corso es un detective de libros, un mercenario contratado para buscar ediciones raras para clientes adinerados y sin escr&#xFA;pulos. Cuando un conocido bibli&#xF3;filo aparece ahorcado, dejando tras de s&#xED; parte del manuscrito original de Los tres mosqueteros de Alexandre Dumas, Corso es convocado para autenticar el fragmento. Pronto se ve envuelto en una trama turbulenta que involucra culto al diablo, pr&#xE1;cticas ocultistas y aventuras al estilo de capa y espada, entre un elenco de personajes que guardan una sospechosa semejanza con los de la obra maestra de Dumas.

Con la ayuda de una misteriosa belleza que lleva el nombre de una hero&#xED;na de Conan Doyle, Corso viaja de Madrid a Toledo y luego a Par&#xED;s, en busca de un asesino siniestro y aparentemente omnisciente.

Parte misterio, parte rompecabezas, parte ingenioso juego intertextual, El club Dumas es un thriller intelectual completamente original del autor de La tabla de Flandes y La piel del tambor.</subfield>
  </datafield>
  <datafield tag="520" ind1=" " ind2=" ">
    <subfield code="a">Lucas Corso is a book detective, a mercenary hired to hunt down rare editions for wealthy and unscrupulous clients. When a well-known bibliophile is found hanged, leaving behind part of the original manuscript of Alexandre Dumas's The Three Musketeers, Corso is brought in to authenticate the fragment. He is soon drawn into a swirling plot involving devil worship, occult practices, and swashbuckling derring-do among a cast of characters bearing a suspicious resemblance to those of Dumas's masterpiece. Aided by a mysterious beauty named after a Conan Doyle heroine, Corso travels from Madrid to Toledo to Paris in pursuit of a sinister and seemingly omniscient killer.

Part mystery, part puzzle, part witty intertextual game, The Club Dumas is a wholly original intellectual thriller by the author of The Flanders Panel and The Seville Communion.
</subfield>
  </datafield>
  <datafield tag="650" ind1=" " ind2="0">
    <subfield code="a">Book collectors</subfield>
    <subfield code="v">Fiction</subfield>
    <subfield code="9">24989</subfield>
  </datafield>
  <datafield tag="650" ind1=" " ind2="0">
    <subfield code="a">Antiquarians</subfield>
    <subfield code="v">Fiction</subfield>
    <subfield code="9">24990</subfield>
  </datafield>
  <datafield tag="655" ind1=" " ind2="0">
    <subfield code="a">Action and adventure fiction</subfield>
    <subfield code="9">22721</subfield>
  </datafield>
  <datafield tag="942" ind1=" " ind2=" ">
    <subfield code="2">lcc</subfield>
  </datafield>
  <datafield tag="952" ind1=" " ind2=" ">
    <subfield code="0">0</subfield>
    <subfield code="1">0</subfield>
    <subfield code="2">lcc</subfield>
    <subfield code="4">0</subfield>
    <subfield code="7">0</subfield>
    <subfield code="a">TBS</subfield>
    <subfield code="b">TBS</subfield>
    <subfield code="d">2025-03-21</subfield>
    <subfield code="l">0</subfield>
    <subfield code="o">P-SP PER</subfield>
    <subfield code="p">B02740</subfield>
    <subfield code="r">2025-03-21</subfield>
    <subfield code="t">1</subfield>
    <subfield code="w">2025-03-21</subfield>
    <subfield code="y">1</subfield>
  </datafield>
  <datafield tag="999" ind1=" " ind2=" ">
    <subfield code="c">4565</subfield>
    <subfield code="d">4565</subfield>
  </datafield>
</record>
